<?xml version="1.0" encoding="UTF-8"?>
<record
    xmlns:xsi="http://www.w3.org/2001/XMLSchema-instance"
    xsi:schemaLocation="http://www.loc.gov/MARC21/slim http://www.loc.gov/standards/marcxml/schema/MARC21slim.xsd"
    xmlns="http://www.loc.gov/MARC21/slim">

  <leader>01667pab a2200157 454500</leader>
  <controlfield tag="008">180718b2003   xxu||||| |||| 00| 0 eng d</controlfield>
  <datafield tag="100" ind1=" " ind2=" ">
    <subfield code="a">Nelissen, Nico</subfield>
  </datafield>
  <datafield tag="245" ind1=" " ind2=" ">
    <subfield code="a">Public management: the need for ambiguity tolerance and moral engagement</subfield>
  </datafield>
  <datafield tag="260" ind1=" " ind2=" ">
    <subfield code="c">2003</subfield>
  </datafield>
  <datafield tag="300" ind1=" " ind2=" ">
    <subfield code="a">p.19-34.</subfield>
  </datafield>
  <datafield tag="520" ind1=" " ind2=" ">
    <subfield code="a">This article starts by presenting a bird's eye perspective on the history of ideas about public management (Section I). Several stages in the intellectual history of public management are distinguished. After the big picture of the evolution of thinking about public management attention is given to societal developments, as perceived by public managers (Section 2). Top civil servants in The Netherlands were asked to mention societal developments that they believe to be of crucial importance for the future of public management. High-ranking issues were "receding government", business-like government", and "declining trust in government." Confronted with these intractable challenges, how can public managers be served by the approaches available in public management thinking? The authors argue that the issue is not to choose one approach and dump the others (Section 3). Instead, they conceive of the public manager as a simultaneous chess player who has to balance competing values all the time. As a guide to action for the public manager the authors stress the importance of (a) developing the intrapersonal skill of ambiguity tolerance; and (b) strengthening a moral commitment to public values. - Reproduced.</subfield>
  </datafield>
  <datafield tag="650" ind1=" " ind2=" ">
    <subfield code="a">Public administration</subfield>
  </datafield>
  <datafield tag="700" ind1=" " ind2=" ">
    <subfield code="a">Goede, Peter de</subfield>
  </datafield>
  <datafield tag="773" ind1=" " ind2=" ">
    <subfield code="a">International Journal of Public Administration</subfield>
  </datafield>
  <datafield tag="909" ind1=" " ind2=" ">
    <subfield code="a">56646</subfield>
  </datafield>
  <datafield tag="999" ind1=" " ind2=" ">
    <subfield code="c">56646</subfield>
    <subfield code="d">56646</subfield>
  </datafield>
  <datafield tag="952" ind1=" " ind2=" ">
    <subfield code="0">0</subfield>
    <subfield code="1">0</subfield>
    <subfield code="4">0</subfield>
    <subfield code="7">0</subfield>
    <subfield code="a">IIPA</subfield>
    <subfield code="b">IIPA</subfield>
    <subfield code="d">2018-07-19</subfield>
    <subfield code="h">Volume no: 26, Issue no: 1</subfield>
    <subfield code="p">AR57091</subfield>
    <subfield code="r">2018-07-19</subfield>
    <subfield code="w">2018-07-19</subfield>
    <subfield code="y">AR</subfield>
  </datafield>
</record>
